Komplexný podnik cestovného ruchu v trnavskom regióne bakalárska práca

Gespeichert in:
Bibliographische Detailangaben
1. Verfasser: Kičinová, Klaudia
Körperschaft: Obchodná fakulta EU. Katedra služieb a cestovného ruchu - zrušené
Weitere Verfasser: Pachingerová, Mária
Format: Buch
Sprache:Slowakisch
Veröffentlicht: Bratislava 2009
Tags: Tag hinzufügen
Keine Tags, Fügen Sie das erste Tag hinzu!

MARC

LEADER 00000nam$a2200000$$$4500
001 0102639
005 20240318140148.7
041 0 |a slo 
044 |a SK 
245 1 0 |a Komplexný podnik cestovného ruchu v trnavskom regióne  |b bakalárska práca  |c Klaudia Kičinová ; škol. Mária Pachingerová 
264 1 |a Bratislava  |c 2009 
300 |a 51 s. 
100 1 |a Kičinová, Klaudia 
700 1 |a Pachingerová, Mária 
710 2 |a Obchodná fakulta EU. Katedra služieb a cestovného ruchu - zrušené